00927cam a2200229 a 4500999001300000001000500013003000900018005001700027008004100044040003300085082002100118245013500139260005400274300003600328504004100364505002700405651006700432651003800499700002900537942001200566952011900578 c857d8576809BD-DhUAP20200128145603.0200128s1989 pk b 000 0 eng  aDLCcBD-DhUAPbEngdBD-DhUAP00a954.9205 NOT22300aNot the whole truth :bEast Pakistan crisis, (March-December 1971), role of the foreign press /cedited by Sarfaraz Hussain Mirza. aLahore :bCentre for South Asian Studies,cc1989. axxiii, 146, 402 pages ;c24 cm. aIncludes bibliographical references. aEnglish; some in Urdu. 0aBangladeshxHistoryyRevolution, 1971xForeign public opinion. 0aPakistanxForeign public opinion.1 aMirza, Sarfaraz Hussain. 2ddccBK 00102ddc4070aUAPCLbUAPCLcGeneral Stacksd2020-01-28o954.9205 NOTp3010006809r2020-01-28t1w2020-01-28yBK